Responsabilidad civil del empresario por accidentes del trabajo y enfermedades profesionales Tendencias actuales /

Detalles Bibliográficos
Autor principal: Rodrg̕uez Pinto, Mara̕ Sara
Otros Autores: Barrientos Camus, Francisca
Formato: eBook
Lenguaje:español
Publicado: Santiago de Chile: Universidad de los Andes (Chile), 2011
Materias:
Acceso en línea:Acceso restringido

MARC

LEADER 00000nam a22000007a 4500
005 20190418202043.0
007 cr|||| ||||
008 190418s2011 cl |||||s|||| 00||0 spa d
020 |a 978-956-7160-62-4 
035 |a 21294 
040 |a vLex 
090 |c 8659  |d 8659 
100 1 |a Rodrg̕uez Pinto, Mara̕ Sara 
245 1 0 |a Responsabilidad civil del empresario por accidentes del trabajo y enfermedades profesionales  |h [Recurso electrn̤ico] :  |b Tendencias actuales /  |c Mara̕ Sara Rodrg̕uez Pinto, Francisca Barrientos Camus 
256 |a Servicio en ln̕ea 
260 |a Santiago de Chile:  |b Universidad de los Andes (Chile),  |c 2011 
300 |a 1 recurso electrn̤ico 
506 1 |a Disponible solo en los productos indicados  |d vLex Global  |d vLex Global (Academic Edition, excluding Law Schools)  |d vLex Global (U.S. Academic Edition, Law Schools)  |d vLex Global (U.S. Academic Edition, excluding Law Schools)  |d vLex Global (Academic Edition, Law Schools) 
650 0 4 |a Derecho Civil  |z Chile 
650 0 4 |a Derecho Laboral y Seguridad Social  |z Chile 
700 1 |a Barrientos Camus, Francisca 
740 0 |a vLex Libros (Servicio en ln̕ea) 
856 4 0 |u http://vlex.com/source/responsabilidad-civil-del-empresario-por-accidentes-del-trabajo-y-enfermedades-profesionales-tendencias-actuales-21294  |z Acceso restringido 
942 |c BOOK 
999 0 |a Civil Law 
999 0 |a Labor Law and Social Security